telugu letters with vowels (and consonants) - Statistics

General Stats
  • This quiz has been taken 3 times
  • The average score is 19 of 50
Answer Stats
Hint Answer % Correct
kam కం
100%
kkha క్ఖ
50%
ki కి
50%
kgha క్ఘ
50%
kra క్ర
50%
kna క్న
50%
kpa క్ప
50%
kya క్య
50%
కో
50%
kja క్జ
50%
kSHa
క్ష
50%
kdha క్ధ
50%
kaha కః
50%
ke కె
50%
kga క్గ
50%
ko కొ
50%
knga క్ఙ
50%
kla క్ల
50%
kR కృ
50%
kma క్మ
50%
ku కు
50%
ka
50%
mha మ్హ
50%
కీ
50%
kbha క్భ
50%
kchha క్ఛ
50%
ksha క్శ
50%
kai కై
50%
ksa క్స
50%
kLa క్ళ
50%
kDa క్డ
50%
kba క్బ
50%
kpha క్ఫ
50%
kva/kwa క్వ
50%
kthha క్థ
50%
kka క్క
50%
కా
0%
kTha క్ఠ
0%
kjha క్ఝ
0%
kau కౌ
0%
kta క్త
0%
kca క్చ
0%
కే
0%
kDha క్ఢ
0%
కూ
0%
kNa క్ణ
0%
kTa క్ట
0%
kña క్ఞ
0%
k క్
0%
kda క్ద
0%
No matching quizzes found
Score Distribution
Percent of People with Each Score
Percentile by Number Answered
Your Score History
You have not taken this quiz